Existential America /
| Main Author: | |
|---|---|
| Format: | Book |
| Language: | English |
| Published: |
Baltimore :
Johns Hopkins University Press,
2003.
|
| Subjects: | |
| Online Access: | Contributor biographical information Table of contents Publisher description |
| LEADER | 01839cam a2200301 a 4500 | ||
|---|---|---|---|
| 001 | 12596253 | ||
| 003 | GR-PaULI | ||
| 005 | 20210117210917.0 | ||
| 008 | 011121s2003 mdua b 001 0 eng | ||
| 952 | |0 0 |1 0 |2 ddc |4 0 |6 142_780000000000000_973_COT |7 0 |9 232629 |a THST |b THST |d 2019-06-04 |i 000525 |l 0 |o 142.780 973 COT |p 025000117076 |r 2019-06-04 00:00:00 |t 1 |v 2019.00 |w 2019-06-04 |y BK15 | ||
| 999 | |c 141275 |d 141275 | ||
| 010 | |a 2001007186 | ||
| 020 | |a 0801870372 (alk. paper) | ||
| 040 | |a DLC |c DLC |d DLC |d GR-PaULI |b gre |e AACR2 | ||
| 082 | 0 | 0 | |a 142.780 973 |2 23 |
| 100 | 1 | |a Cotkin, George, |d 1950- |e συγγραφέας | |
| 245 | 1 | 0 | |a Existential America / |c George Cotkin. |
| 260 | |a Baltimore : |b Johns Hopkins University Press, |c 2003. | ||
| 300 | |a x, 359 σ. : |b εικ. ; |c 25 εκ. | ||
| 504 | |a Περιλαμβάνει βιβλιογραφία και ευρετήριο. | ||
| 505 | 0 | |a The "drizzly November" of the American soul -- Kierkegaard comes to America -- A Kierkegaardian age of anxiety -- The vogue of French existentialism -- New York intellectuals and French existentialists -- The canon of existentialism -- Cold rage : Richard Wright and Ralph Ellison -- Norman Mailer's existential errand -- Robert Frank's existential vision -- Camus's rebels -- Existential feminists : Simone de Beauvoir and Betty Friedan -- Conclusion: Existentialism today and tomorrow. | |
| 650 | 4 | |a Υπαρξισμός |9 39667 | |
| 650 | 0 | |a Φιλοσοφία, Αμερικανική |y 20ός αιώνας |9 91266 | |
| 856 | 4 | 2 | |3 Contributor biographical information |u http://www.loc.gov/catdir/bios/jhu051/2001007186.html |
| 856 | 4 | 1 | |3 Table of contents |u http://www.loc.gov/catdir/toc/jhu051/2001007186.html |
| 856 | 4 | 2 | |3 Publisher description |u http://www.loc.gov/catdir/description/jhu051/2001007186.html |
| 942 | |2 ddc |c BK15 | ||
| 998 | |c ΜΑΝΙΑ |d 2019-06 | ||